| 000 | 00790nam a22002537a 4500 | ||
|---|---|---|---|
| 005 | 20170123162318.0 | ||
| 010 | _aB-024539 | ||
| 020 | _c80.00 | ||
| 035 | _aB-024539 | ||
| 037 | _bCen Lib/Ret | ||
| 040 |
_aDPL _bUR |
||
| 082 |
_a809 _bغ ا ل |
||
| 245 | _aغالب اقبال اور ٹیگور / | ||
| 246 | _aGhalib Iqbal aur Tegore / | ||
| 260 |
_aپٹنہ _bخدا بخش اور اورینٹڈ پبلک لائبریری _c1999 |
||
| 270 | _bپٹنہ | ||
| 300 |
_a195p. _c21cm(Hb) |
||
| 490 | _aرسالہ ندیم گیا سے انتخاب | ||
| 650 |
_aاردو ادب _9115583 |
||
| 650 |
_aاردو سوانح عمری _9115584 |
||
| 650 |
_aUrdu literature _9115585 |
||
| 650 |
_aUrdu biography _9511 |
||
| 942 |
_2ddc _cUR _h809 _mغ ا ل |
||
| 999 |
_c106848 _d106848 |
||